[Event "Mondiale Semilampo 2016"]
[Site "Doha QAT"]
[Date "2016.12.26"]
[Round "4.11"]
[White "Karjakin, Sergey"]
[Black "Nguyen, Ngoc Truong Son"]
[Result "0-1"]
[WhiteTitle "GM"]
[BlackTitle "GM"]
[WhiteElo "2785"]
[BlackElo "2629"]
[WhiteFideId "14109603"]
[BlackFideId "12401110"]
[EventDate "2016.12.26"]

1. e4 e5 2. Nf3 Nc6 3. Bc4 Bc5 4. O-O Nf6 5. d3 O-O 6. a4 a6 7. h3 d6 8. c3 Ba7
9. Nbd2 h6 10. Re1 Re8 11. b4 Be6 12. Bxe6 Rxe6 13. Qc2 Re8 14. Nf1 Ne7 15. Ng3
Ng6 16. c4 Nd7 17. a5 Ndf8 18. Be3 Ne6 19. c5 d5 20. d4 dxe4 21. Nxe5 Nxd4 22.
Bxd4 Qxd4 23. Nxg6 e3 24. fxe3 Qxb4 25. Nf4 Qxc5 26. Qxc5 Bxc5 27. Kf2 Rad8 28.
Kf3 Bb4 29. Re2 Re5 30. Rb1 Rb5 31. Reb2 c5 32. e4 Rxa5 33. Nd5 Ra3+ 34. Kf4 a5
35. Nf5 Rd3 36. h4 Bd2+ 37. Ke5 Bb4 38. Nfe7+ Kf8 39. Rf1 Rd7 40. Rbf2 Bc3+ 41.
Kf5 Rxe7 42. Nxe7 Kxe7 43. e5 Rd4 44. h5 b5 45. Rb1 b4 46. Ra2 Rd5 47. Rxa5
Rxe5+ 48. Kf4 Rxh5 49. Rd1 Rh4+ 50. g4 g5+ 51. Kf5 Rh2 52. Ra7+ Kf8 53. Ke4 Rf2
54. Kd5 Bd4 55. Ra6 Kg7 56. Rh1 f6 57. Ra7+ Kg6 58. Ra8 Rf4 59. Rg8+ Kh7 60. Rb8
Rxg4 61. Ke6 Kg7 62. Re1 Rg3 63. Re4 h5 64. Rb7+ Kg6 65. Rb8 Ra3 66. Rg8+ Kh7
67. Rb8 g4 68. Kf5 Rf3+ 69. Ke6 Re3 70. Rxe3 Bxe3 71. Kf7 g3 72. Rg8 h4 0-1

[Event "Mondiale Semilampo 2016"]
[Site "Doha QAT"]
[Date "2016.12.26"]
[Round "4.13"]
[White "Dominguez Perez, Leinier"]
[Black "Bortnyk, Olexandr"]
[Result "1/2-1/2"]
[WhiteTitle "GM"]
[BlackTitle "GM"]
[WhiteElo "2739"]
[BlackElo "2581"]
[WhiteFideId "3503240"]
[BlackFideId "14120828"]
[EventDate "2016.12.26"]

1. e4 Nf6 2. e5 Nd5 3. d4 d6 4. Nf3 dxe5 5. Nxe5 c6 6. Be2 Nd7 7. Nf3 N7f6 8. c4
Nb6 9. h3 Bf5 10. Nc3 e6 11. O-O Be7 12. Be3 O-O 13. Nh4 Bg6 14. Nxg6 hxg6 15.
a3 Qc7 16. b4 Rad8 17. Qb3 e5 18. dxe5 Qxe5 19. Rad1 Bd6 20. Rxd6 Rxd6 21. c5
Nbd5 22. cxd6 Qxc3 23. Qxc3 Nxc3 24. Bf3 a6 25. Bc5 Rd8 26. Re1 Ncd5 27. Be2 Ne4
28. Bc4 Nec3 29. h4 b6 30. Bd4 Nb5 31. Bxb5 axb5 32. Be5 f6 33. Bg3 c5 34. bxc5
bxc5 35. Rc1 c4 36. a4 b4 37. Rxc4 Kf7 38. Rc5 Nc3 39. Rc7+ Ke6 40. Rb7 Nxa4 41.
Rxb4 Nc3 42. Kh2 Rd7 43. f3 Nd5 44. Re4+ Kf7 45. Kg1 Nc3 46. Re3 Nb5 47. Rd3 Ke6
48. Re3+ Kf7 49. Rd3 Ke6 50. Rb3 Nxd6 51. Rb6 Ke7 52. Bxd6+ Rxd6 53. Rb7+ Rd7 1/2-1/2

[Event "Mondiale Semilampo 2016"]
[Site "Doha QAT"]
[Date "2016.12.26"]
[Round "4.14"]
[White "Fressinet, Laurent"]
[Black "Anand, Viswanathan"]
[Result "1/2-1/2"]
[WhiteTitle "GM"]
[BlackTitle "GM"]
[WhiteElo "2672"]
[BlackElo "2779"]
[WhiteFideId "608742"]
[BlackFideId "5000017"]
[EventDate "2016.12.26"]

1. d4 Nf6 2. Nf3 d5 3. c4 e6 4. Nc3 Be7 5. Bg5 h6 6. Bh4 Nbd7 7. e3 O-O 8. Qc2
c5 9. dxc5 Nxc5 10. cxd5 Nxd5 11. Nxd5 Bxh4 12. Qxc5 exd5 13. Nxh4 Qxh4 14. Be2
Be6 15. Qd4 Qxd4 16. exd4 Rfc8 17. Kd2 Kf8 18. Rac1 Ke7 19. Rxc8 Rxc8 20. Rc1
Rxc1 21. Kxc1 Kd6 22. Kd2 g5 23. g3 f6 24. Ke3 a5 25. Kd2 b6 26. Kc3 Bd7 27. Kd2
Be6 28. Kc3 Bd7 29. Kd2 Be6 1/2-1/2

[Event "Mondiale Semilampo 2016"]
[Site "Doha QAT"]
[Date "2016.12.26"]
[Round "4.17"]
[White "Melkumyan, Hrant"]
[Black "Quparadze, Giga"]
[Result "1-0"]
[WhiteTitle "GM"]
[BlackTitle "IM"]
[WhiteElo "2633"]
[BlackElo "2481"]
[WhiteFideId "13302485"]
[BlackFideId "13602250"]
[EventDate "2016.12.26"]

1. Nf3 c5 2. c4 Nc6 3. Nc3 Nf6 4. e3 e6 5. d4 d5 6. cxd5 exd5 7. Bb5 cxd4 8.
Nxd4 Bd7 9. O-O Be7 10. b3 O-O 11. Bb2 a6 12. Be2 Bc5 13. Bf3 Bxd4 14. exd4 Bf5
15. Re1 Qd6 16. a4 Rfe8 17. Ba3 Qd7 18. Qd2 Bg4 19. Bxg4 Qxg4 20. Bc5 Qd7 21. f3
h6 22. Ne2 Nd8 23. Nf4 Ne6 24. Nd3 Qc7 25. Rec1 Nd7 26. Qb4 a5 27. Qd2 Ndxc5 28.
Nxc5 Qf4 29. Rd1 b6 30. Nxe6 Qxd2 31. Rxd2 Rxe6 32. Kf2 Rc8 33. Rb1 Rc3 34. b4
Rc4 35. bxa5 bxa5 36. Rb5 Rxa4 37. Rxd5 Ra1 38. Rd8+ Kh7 39. d5 Ree1 40. Rc8
Rf1+ 41. Ke3 Rfe1+ 42. Kf4 Ra4+ 43. Kg3 Re7 44. Rd8 Rb4 45. d6 Ra7 46. d7 Rbb7
47. Rh8+ Kxh8 48. d8=Q+ Kh7 49. Qd3+ Kh8 50. Qd8+ Kh7 51. Qc8 Rc7 52. Qf5+ g6
53. Qe5 Rc8 54. Qd4 Rca8 55. Qa4 Rb8 56. Rd7 Rxd7 57. Qxd7 Kg7 58. Qd5 Re8 59.
Qxa5 Re6 60. Qa1+ Kg8 61. Kf4 Rb6 62. Qd4 Rb5 63. g4 h5 64. Qc4 Ra5 65. Qc8+ Kh7
66. Qf8 Ra7 67. gxh5 gxh5 68. Kg5 h4 69. f4 h3 70. f5 f6+ 71. Kh5 Rg7 72. Qxf6
Rg2 73. Qe7+ Kg8 74. Kh6 1-0

[Event "Mondiale Semilampo 2016"]
[Site "Doha QAT"]
[Date "2016.12.26"]
[Round "4.18"]
[White "Artemiev, Vladislav"]
[Black "Grandelius, Nils"]
[Result "1-0"]
[WhiteTitle "GM"]
[BlackTitle "GM"]
[WhiteElo "2653"]
[BlackElo "2643"]
[WhiteFideId "24101605"]
[BlackFideId "1710400"]
[EventDate "2016.12.26"]

1. d4 Nf6 2. Nf3 d5 3. Bf4 e6 4. e3 Bd6 5. Bg3 b6 6. c3 Bb7 7. Nbd2 O-O 8. Bd3
Ne4 9. Qc2 f5 10. O-O Nd7 11. c4 Nxg3 12. hxg3 g6 13. Rac1 c5 14. cxd5 exd5 15.
dxc5 bxc5 16. Rfd1 Qe7 17. Bb5 Nf6 18. Qa4 Rfc8 19. Ba6 Bc6 20. Qc2 Rcb8 21. Nb3
Rb6 22. Bf1 Ba4 23. Bc4 Qe4 24. Qxe4 fxe4 25. Rxd5 Kg7 26. Ng5 Nxd5 27. Bxd5 Rc8
28. Nxe4 Bd7 29. Ned2 Be7 30. Nc4 Rb4 31. Ne5 Be8 32. Nd3 Rb5 33. Be6 Rd8 34.
Bc4 Rb6 35. Kf1 Rc8 36. Ke2 Bd6 37. Nd2 Bc6 38. Bb3 Bxg2 39. f3 h5 40. Nc4 Rf8
41. Ne1 Bh3 42. Nxb6 axb6 43. f4 Rd8 44. Nf3 Bg4 45. Bc4 Be7 46. a4 Bf6 47. b3
Rd6 48. Kf2 Bf5 49. Be2 Bb2 50. Rd1 Rxd1 51. Bxd1 Bc3 52. Be2 Kf6 53. Bc4 Bg4
54. Ng5 Bf5 55. e4 Bd4+ 56. Kg2 Bg4 57. Bd3 Kg7 58. e5 Be3 59. Bc4 Bc8 60. Bd5
Bd2 61. Ne4 Be3 62. Nd6 Bg4 63. Nc4 1-0

[Event "Mondiale Semilampo 2016"]
[Site "Doha QAT"]
[Date "2016.12.26"]
[Round "4.19"]
[White "Wojtaszek, Radoslaw"]
[Black "Svane, Rasmus"]
[Result "1-0"]
[WhiteTitle "GM"]
[BlackTitle "GM"]
[WhiteElo "2749"]
[BlackElo "2555"]
[WhiteFideId "1118358"]
[BlackFideId "4657101"]
[EventDate "2016.12.26"]

1. Nf3 d5 2. d4 Nf6 3. c4 e6 4. e3 Be7 5. b3 O-O 6. Bb2 b6 7. Nbd2 Bb7 8. Bd3 c5
9. dxc5 Bxc5 10. O-O dxc4 11. Nxc4 Nbd7 12. Qe2 b5 13. Nce5 Nxe5 14. Nxe5 a6 15.
Rfd1 Qe7 16. a4 Bd5 17. Bc2 Qb7 18. e4 Bxe4 19. Rd7 Nxd7 20. Bxe4 Qc7 21. Bxa8
Rxa8 22. axb5 a5 23. Qf3 Rf8 24. Nxd7 Qxd7 25. Qc3 1-0

[Event "Mondiale Semilampo 2016"]
[Site "Doha QAT"]
[Date "2016.12.26"]
[Round "4.20"]
[White "Akopian, Vladimir"]
[Black "Darini, Pouria"]
[Result "1-0"]
[WhiteTitle "GM"]
[BlackTitle "GM"]
[WhiteElo "2675"]
[BlackElo "2511"]
[WhiteFideId "13300032"]
[BlackFideId "12502200"]
[EventDate "2016.12.26"]

1. e4 c5 2. Nf3 d6 3. d4 cxd4 4. Nxd4 Nf6 5. Nc3 a6 6. Be3 e5 7. Nb3 Be6 8. f3
h5 9. Qd2 Nbd7 10. O-O-O Be7 11. Kb1 Rc8 12. g3 Qc7 13. Rg1 Nb6 14. Bg5 Nbd7 15.
f4 b5 16. Bd3 Bc4 17. Bxf6 Nxf6 18. Nd5 Nxd5 19. exd5 Bxd3 20. Qxd3 Bf6 21. Nd2
h4 22. Ne4 hxg3 23. hxg3 Rh2 24. Rc1 Qb6 25. Rh1 Rcxc2 26. Rxh2 Rxc1+ 27. Kxc1
Qg1+ 28. Qd1 Qxh2 29. Nxd6+ Kf8 30. Ne4 exf4 31. Nxf6 gxf6 32. d6 Ke8 33. Qe1+
Kd7 34. Qe7+ Kc6 35. Qc7+ Kd5 36. d7 Qh1+ 37. Kd2 Qg2+ 38. Kc3 Qxg3+ 39. Kb4
Qe1+ 40. Kb3 Qd1+ 41. Qc2 Qf3+ 42. Kb4 a5+ 43. Kxa5 1-0

[Event "Mondiale Semilampo 2016"]
[Site "Doha QAT"]
[Date "2016.12.26"]
[Round "4.21"]
[White "Khusnutdinov, Rustam"]
[Black "Salem, A.R. Saleh"]
[Result "1-0"]
[WhiteTitle "GM"]
[BlackTitle "GM"]
[WhiteElo "2458"]
[BlackElo "2656"]
[WhiteFideId "13701703"]
[BlackFideId "9301348"]
[EventDate "2016.12.26"]

1. d4 Nf6 2. c4 g6 3. Nc3 d5 4. cxd5 Nxd5 5. e4 Nxc3 6. bxc3 Bg7 7. Be3 c5 8.
Nf3 O-O 9. Be2 b6 10. Rc1 e6 11. O-O Bb7 12. Qd3 Qd7 13. Rfd1 Ba6 14. Qc2 Bxe2
15. Qxe2 Qa4 16. Qc2 Qxc2 17. Rxc2 Rd8 18. Rcd2 cxd4 19. cxd4 Nc6 20. Bg5 Rd7
21. d5 exd5 22. Rxd5 Rc7 23. Rc1 Rcc8 24. Rd7 b5 25. Kf1 a6 26. Rd6 Nb4 27.
Rxc8+ Rxc8 28. Bd2 Bf8 29. Bxb4 Bxd6 30. Bxd6 f6 31. a3 Kf7 32. Bb4 Rc2 33. Nd2
Ke6 34. Ke2 Ra2 35. Kd3 a5 36. Bc5 f5 37. exf5+ gxf5 38. Nb1 Rb2 39. Nc3 h6 40.
g3 Kd7 41. Bb6 b4 42. axb4 axb4 43. Nd1 Ra2 44. Be3 h5 45. Kc4 Ra1 46. Nb2 Ke6
47. h4 Ra8 48. Nd3 b3 49. Kxb3 Kd5 50. Nf4+ Ke4 51. Nxh5 Rc8 52. Nf4 Rc6 53. Kb4
Rc8 54. Ne6 Rc6 55. Nf4 Rc8 56. Kb5 Ke5 57. Kb6 Kd6 58. Kb5 Ke5 59. Nd3+ Ke4 60.
Nc5+ Kd5 61. Kb4 f4 62. gxf4 Rh8 63. Kc3 Rxh4 64. Kd3 Rh1 65. Ne4 Rd1+ 66. Ke2
Ra1 67. Kf3 Ke6 68. Ng3 Ra4 69. Kg4 Kf6 70. f3 Kg6 71. Ne4 Ra5 72. Bd4 Rd5 73.
Be5 Kf7 74. Ng5+ Kg6 75. f5+ Kh6 76. Kf4 Ra5 77. f6 Kg6 78. f7 Ra4+ 79. Kg3 Ra8
80. Bd6 Ra4 81. f8=Q Rg4+ 82. Kf2 1-0

[Event "Mondiale Semilampo 2016"]
[Site "Doha QAT"]
[Date "2016.12.26"]
[Round "4.22"]
[White "Amonatov, Farrukh"]
[Black "Pichot, Alan"]
[Result "1-0"]
[WhiteTitle "GM"]
[BlackTitle "GM"]
[WhiteElo "2620"]
[BlackElo "2544"]
[WhiteFideId "14700077"]
[BlackFideId "110973"]
[EventDate "2016.12.26"]

1. e4 c5 2. Nf3 e6 3. d4 cxd4 4. Nxd4 a6 5. Bd3 Ne7 6. O-O Nbc6 7. Nxc6 Nxc6 8.
f4 Bc5+ 9. Kh1 d6 10. Nd2 O-O 11. Nf3 b5 12. c3 Bb7 13. Qe2 Qe7 14. Be3 Rad8 15.
b4 Bxe3 16. Qxe3 d5 17. exd5 exd5 18. Bxh7+ Kh8 19. Qxe7 Nxe7 20. Bd3 d4 21.
Nxd4 Nd5 22. Nf5 Nxc3 23. Bb1 Rd2 24. Nh4 g6 25. Bxg6 fxg6 26. Rac1 Rc8 27.
Nxg6+ Kg7 28. Nh4 Rc4 29. Nf5+ Kf6 30. Ne3 Rc8 31. h3 Ne4 32. Rxc8 Ng3+ 33. Kg1
Nxf1 34. Ng4+ Ke6 35. f5+ Kd7 36. Rg8 Rd1 37. Kf2 Kc7 38. f6 Bd5 39. f7 Bxf7 40.
Rg7 1-0

[Event "Mondiale Semilampo 2016"]
[Site "Doha QAT"]
[Date "2016.12.26"]
[Round "4.23"]
[White "Jumabayev, Rinat"]
[Black "Zhigalko, Sergei"]
[Result "0-1"]
[WhiteTitle "GM"]
[BlackTitle "GM"]
[WhiteElo "2611"]
[BlackElo "2671"]
[WhiteFideId "13702661"]
[BlackFideId "13502956"]
[EventDate "2016.12.26"]

1. d4 Nf6 2. c4 e6 3. g3 c5 4. d5 exd5 5. cxd5 d6 6. Nc3 g6 7. Bg2 Bg7 8. Nf3
O-O 9. O-O Re8 10. Bf4 a6 11. a4 Nh5 12. Bg5 Qc7 13. Qd2 Nd7 14. Rfc1 b6 15.
Rab1 Ndf6 16. Nh4 Ng4 17. h3 Ne5 18. b3 f6 19. Be3 f5 20. Kh2 Nf6 21. Nf3 Nxf3+
22. exf3 Bd7 23. Bf1 Nh5 24. b4 f4 25. Bxf4 Nxf4 26. Qxf4 Rf8 27. Qd2 Rxf3 28.
Bg2 Rxc3 29. Rxc3 Bxc3 30. Qxc3 Bxa4 31. h4 Rf8 32. f4 Re8 33. f5 gxf5 34. Qd3
Qg7 35. bxc5 Bb5 36. Qxf5 bxc5 37. Qf4 Qe5 38. Qg4+ Kh8 39. Rb3 c4 40. Rf3 c3
41. Rf7 Rg8 42. Qf3 Be2 43. Qf2 c2 44. Rc7 Bd3 45. Bh3 Qb2 0-1

[Event "Mondiale Semilampo 2016"]
[Site "Doha QAT"]
[Date "2016.12.26"]
[Round "4.25"]
[White "Agdestein, Simen"]
[Black "Onischuk, Vladimir"]
[Result "0-1"]
[WhiteTitle "GM"]
[BlackTitle "GM"]
[WhiteElo "2602"]
[BlackElo "2601"]
[WhiteFideId "1500015"]
[BlackFideId "14114038"]
[EventDate "2016.12.26"]

1. c4 d6 2. d4 e5 3. Nc3 exd4 4. Qxd4 Nc6 5. Qd2 g6 6. b3 Bg7 7. Bb2 Nf6 8. g3
O-O 9. Bg2 Re8 10. Rd1 Ne5 11. Nf3 Bh3 12. O-O Nxf3+ 13. exf3 Qd7 14. Rfe1 Bxg2
15. Kxg2 Qc6 16. h4 h5 17. Nd5 Nxd5 18. cxd5 Qb6 19. Bxg7 Kxg7 20. g4 hxg4 21.
fxg4 a5 22. h5 Qb4 23. h6+ Kh7 24. Qxb4 axb4 25. g5 f6 26. gxf6 Kxh6 27. f4 Kh7
28. Kf3 Kg8 29. Kg4 Kf7 30. Kg5 Rxa2 31. Rxe8 Rg2+ 32. Kh4 Kxe8 33. Rc1 Kf7 34.
Rxc7+ Kxf6 35. Rxb7 Kf5 36. Rxb4 Rg4+ 37. Kh3 Rxf4 38. Rb8 Ke5 39. Rg8 Rf6 40.
Kg4 Kxd5 41. Kg5 Rf3 0-1

[Event "Mondiale Semilampo 2016"]
[Site "Doha QAT"]
[Date "2016.12.26"]
[Round "4.26"]
[White "Jobava, Baadur"]
[Black "Mareco, Sandro"]
[Result "1-0"]
[WhiteTitle "GM"]
[BlackTitle "GM"]
[WhiteElo "2702"]
[BlackElo "2635"]
[WhiteFideId "13601520"]
[BlackFideId "112275"]
[EventDate "2016.12.26"]

1. d4 Nf6 2. c4 e6 3. Nc3 Bb4 4. e3 O-O 5. Bd3 d5 6. cxd5 exd5 7. Ne2 Re8 8. Bd2
c6 9. O-O Bf8 10. Rc1 a5 11. f3 b5 12. Ng3 Ba6 13. Nce2 b4 14. Bxa6 Rxa6 15. Qa4
Qd7 16. Qc2 c5 17. dxc5 Rc6 18. Qf5 Qa7 19. Nd4 Rxc5 20. Nge2 Nbd7 21. Rxc5 Bxc5
22. Rc1 a4 23. b3 axb3 24. axb3 g6 25. Qc2 Ra8 26. h3 Qb6 27. Kf2 Ra3 28. Rd1
Qa6 29. Bc1 Ra2 30. Bb2 Ba7 31. Nc1 Ra5 32. Nd3 Bc5 33. Kg1 Qd6 34. Ra1 Rxa1+
35. Bxa1 Bb6 36. Qc8+ Kg7 37. Nc2 Nc5 38. Be5 Qe7 39. Ncxb4 Nxd3 40. Nxd3 Bxe3+
41. Kh2 Qe6 42. Qc3 g5 43. b4 Bb6 44. Nc5 Bxc5 45. bxc5 Qc6 46. Bd6 h6 47. Qb2
Kg6 48. Qb6 Qe8 49. c6 d4 50. c7 Qe6 51. Qc6 1-0

[Event "Mondiale Semilampo 2016"]
[Site "Doha QAT"]
[Date "2016.12.26"]
[Round "4.27"]
[White "Cheparinov, Ivan"]
[Black "Debashis, Das"]
[Result "1/2-1/2"]
[WhiteTitle "GM"]
[BlackTitle "GM"]
[WhiteElo "2689"]
[BlackElo "2472"]
[WhiteFideId "2905540"]
[BlackFideId "5024854"]
[EventDate "2016.12.26"]

1. d4 Nf6 2. c4 e6 3. Nf3 b6 4. g3 Ba6 5. b3 Bb4+ 6. Bd2 Be7 7. Bg2 O-O 8. Nc3
d5 9. cxd5 exd5 10. O-O Re8 11. a3 Nbd7 12. b4 Bb7 13. Qb3 c6 14. Rfe1 a5 15.
bxa5 Rxa5 16. e4 dxe4 17. Ng5 Rf8 18. Ncxe4 Rb5 19. Qc2 Nxe4 20. Nxe4 Nf6 21. a4
Rd5 22. Bc3 Rd7 23. Rad1 Nd5 24. Bb2 Bb4 25. Nc3 h6 26. Qb3 Bxc3 27. Bxc3 Nxc3
28. Qxc3 Ba8 29. Bxc6 Bxc6 30. Qxc6 Rxd4 31. Rxd4 Qxd4 32. Rb1 f5 33. Rxb6 f4
34. Qe6+ Kh7 35. Qg6+ Kg8 36. Qe6+ Kh7 37. Qg6+ Kg8 38. Qe6+ Kh7 39. Qg6+ 1/2-1/2

[Event "Mondiale Semilampo 2016"]
[Site "Doha QAT"]
[Date "2016.12.26"]
[Round "4.28"]
[White "Tregubov, Pavel V."]
[Black "Jakovenko, Dmitry"]
[Result "1/2-1/2"]
[WhiteTitle "GM"]
[BlackTitle "GM"]
[WhiteElo "2585"]
[BlackElo "2704"]
[WhiteFideId "4115341"]
[BlackFideId "4122356"]
[EventDate "2016.12.26"]

1. d4 Nf6 2. c4 e6 3. Nc3 Bb4 4. e3 O-O 5. Bd3 d5 6. Ne2 dxc4 7. Bxc4 c5 8. a3
cxd4 9. axb4 dxc3 10. Qxd8 Rxd8 11. Nxc3 Nc6 12. b5 Ne5 13. Be2 Nd3+ 14. Bxd3
Rxd3 15. Ke2 Rd8 16. e4 Bd7 17. Be3 a6 18. bxa6 Rxa6 19. Rhd1 Rxa1 20. Rxa1 Rc8
21. Ra7 Bc6 22. f3 Ne8 23. b4 Nd6 24. Bc5 Nb5 25. Nxb5 Bxb5+ 26. Ke3 1/2-1/2

[Event "Mondiale Semilampo 2016"]
[Site "Doha QAT"]
[Date "2016.12.26"]
[Round "4.29"]
[White "Ghaem Maghami, Ehsan"]
[Black "Naiditsch, Arkadij"]
[Result "0-1"]
[WhiteTitle "GM"]
[BlackTitle "GM"]
[WhiteElo "2574"]
[BlackElo "2687"]
[WhiteFideId "12500739"]
[BlackFideId "4650891"]
[EventDate "2016.12.26"]

1. c4 Nf6 2. Nc3 g6 3. e4 d6 4. d4 Bg7 5. Be2 O-O 6. Be3 Nbd7 7. h4 h5 8. Qd2 a6
9. f4 c5 10. e5 cxd4 11. Bxd4 dxe5 12. fxe5 Ng4 13. Bxg4 hxg4 14. Qe3 Qa5 15. c5
b6 16. cxb6 Nxe5 17. b4 Nc4 18. bxa5 Nxe3 19. Bxg7 Kxg7 20. Kf2 Nc4 21. Nd5 Bb7
22. Nc7 Rad8 23. Ne2 Rd2 24. Rhd1 Rfd8 25. Ke1 Bxg2 26. Rxd2 Rxd2 27. Rc1 Bf3
28. Ng1 Rg2 29. Nxf3 Nxa5 30. Ne5 g3 31. Kf1 Rxa2 32. Nxa6 Nb3 33. Rc3 Nd2+ 34.
Kg2 0-1

[Event "Mondiale Semilampo 2016"]
[Site "Doha QAT"]
[Date "2016.12.26"]
[Round "4.30"]
[White "Borisek, Jure"]
[Black "Najer, Evgeniy"]
[Result "1-0"]
[WhiteTitle "GM"]
[BlackTitle "GM"]
[WhiteElo "2561"]
[BlackElo "2679"]
[WhiteFideId "14603152"]
[BlackFideId "4118987"]
[EventDate "2016.12.26"]

1. e4 c5 2. Nf3 e6 3. d4 cxd4 4. Nxd4 Nc6 5. Nc3 Qc7 6. Be3 a6 7. Qf3 Bd6 8.
O-O-O Be5 9. g3 b5 10. Nxc6 dxc6 11. Bc5 Nf6 12. Qe3 Nd7 13. f4 Nxc5 14. Qxc5
Bxc3 15. bxc3 e5 16. Rd6 O-O 17. Qxe5 Qa5 18. Bd3 Qxa2 19. Kd2 Be6 20. c4 Qa5+
21. Ke3 Rfe8 22. c5 Bd5 23. Qa1 Qc7 24. Kf3 Be6 25. f5 Bc4 26. Bxc4 bxc4 27. Qd4
Qa5 28. Ra1 Qb5 29. e5 Rf8 30. f6 gxf6 31. Qg4+ Kh8 32. Qf5 fxe5 33. Qf6+ Kg8
34. Qg5+ Kh8 35. Qf6+ Kg8 36. Re1 c3 37. Qg5+ Kh8 38. Qf6+ Kg8 39. Kg2 Qa4 40.
Qg5+ Kh8 41. Qf6+ Kg8 42. Rxe5 Qxc2+ 43. Kh3 h6 44. Rd4 Qg6 45. Rg4 Qxg4+ 46.
Kxg4 c2 47. Qxh6 f5+ 48. Kf3 Rab8 49. Re7 Rb3+ 50. Kg2 1-0

[Event "Mondiale Semilampo 2016"]
[Site "Doha QAT"]
[Date "2016.12.26"]
[Round "4.31"]
[White "Xu, Yi"]
[Black "Matlakov, Maxim"]
[Result "1/2-1/2"]
[WhiteTitle "IM"]
[BlackTitle "GM"]
[WhiteElo "2430"]
[BlackElo "2694"]
[WhiteFideId "8605564"]
[BlackFideId "4168003"]
[EventDate "2016.12.26"]

1. e4 c5 2. Nf3 Nc6 3. Bb5 g6 4. Bxc6 bxc6 5. O-O Bg7 6. Re1 Nh6 7. c3 O-O 8. d4
cxd4 9. cxd4 d5 10. e5 f6 11. e6 Qd6 12. Qe2 c5 13. dxc5 Qxc5 14. Nc3 Nf5 15.
Bf4 g5 16. Qd3 d4 17. Na4 Qd5 18. Nc3 Qc5 19. Na4 Qd5 20. Nc3 Qc5 21. Na4 Qd5
22. Nc3 Qc5 1/2-1/2

[Event "Mondiale Semilampo 2016"]
[Site "Doha QAT"]
[Date "2016.12.26"]
[Round "4.32"]
[White "Vitiugov, Nikita"]
[Black "Tari, Aryan"]
[Result "1/2-1/2"]
[WhiteTitle "GM"]
[BlackTitle "GM"]
[WhiteElo "2726"]
[BlackElo "2584"]
[WhiteFideId "4152956"]
[BlackFideId "1510045"]
[EventDate "2016.12.26"]

1. d4 Nf6 2. Bg5 Ne4 3. Bf4 d5 4. e3 c5 5. Bd3 Nf6 6. c3 Nc6 7. Nd2 g6 8. h3 Bg7
9. Ngf3 Nd7 10. O-O O-O 11. Bb5 Qb6 12. Qb3 Re8 13. Ba4 c4 14. Qc2 e5 15. dxe5
Nc5 16. Bxc6 bxc6 17. b3 Bf5 18. Qd1 Bd3 19. Re1 Ne4 20. Qc1 Qa5 21. bxc4 dxc4
22. Nxe4 Bxe4 23. Rd1 Bxf3 24. gxf3 Bxe5 25. Bxe5 Rxe5 26. Rd4 Rh5 27. h4 Qf5
28. Rf4 Qe6 29. Qc2 Rd8 30. Qe4 Qh3 31. Qxc4 Rhd5 32. Qf1 Qe6 33. Kg2 Rd2 34.
Qc4 R8d5 35. Re1 Rc2 36. Re2 Rc1 37. Rd4 Qd7 38. Rb2 h5 39. Rxd5 Qxd5 40. Qd4
Qxd4 41. cxd4 Rc4 42. Rb7 a5 43. Rc7 Kg7 44. Kg3 Kf6 45. Ra7 a4 46. a3 Ke6 47.
Ra5 f6 48. Kf4 Kd6 49. Ra7 c5 50. Ke4 cxd4 51. exd4 Rc2 52. Ra6+ Ke7 53. Rxa4
Rxf2 54. Ra7+ Ke6 55. d5+ Kd6 56. Ra6+ Ke7 57. Ra7+ Kd6 58. Rf7 f5+ 59. Kf4 Kxd5
60. Rf6 Rh2 61. Kg5 Rg2+ 62. Kf4 Rh2 63. Kg5 Rg2+ 64. Kh6 Rg3 65. a4 Rxf3 66.
Kxg6 f4 67. Kf5 Ra3 68. Kxf4 Rxa4+ 69. Kg5 Ke5 70. Rf8 Rg4+ 71. Kxh5 Rg1 72. Kh6
Ke6 73. h5 Ke7 74. Rf5 Rg2 75. Kh7 Rg1 76. h6 Rg2 1/2-1/2

[Event "Mondiale Semilampo 2016"]
[Site "Doha QAT"]
[Date "2016.12.26"]
[Round "4.33"]
[White "Sanal, Vahap"]
[Black "Banikas, Hristos"]
[Result "1-0"]
[WhiteTitle "GM"]
[BlackTitle "GM"]
[WhiteElo "2474"]
[BlackElo "2568"]
[WhiteFideId "6300545"]
[BlackFideId "4202031"]
[EventDate "2016.12.26"]

1. e4 c5 2. Nf3 d6 3. d4 cxd4 4. Nxd4 Nf6 5. Nc3 a6 6. Bg5 Nbd7 7. Bc4 Qb6 8.
Bb3 e6 9. Qd2 Be7 10. f3 Nc5 11. O-O-O Qc7 12. g4 b5 13. Kb1 Bd7 14. h4 b4 15.
Nce2 a5 16. Bxf6 Bxf6 17. g5 Be7 18. Qe3 g6 19. h5 e5 20. Bd5 exd4 21. Qxd4
O-O-O 22. Bxf7 Rhf8 23. hxg6 hxg6 24. Rh7 Be8 25. Qd5 Bc6 26. Qd4 Kb8 27. Bxg6
Ne6 28. Qc4 Nxg5 29. Nd4 Nxh7 30. Nxc6+ Kb7 31. Qb5+ Qb6 32. Nxd8+ Bxd8 33. Qd7+
Qc7 34. Qxh7 Qxh7 35. Bxh7 Rxf3 36. e5 d5 37. Bg8 Re3 38. Bxd5+ Kc7 39. e6 Bh4
40. Kc1 Bg5 41. Kb1 Bh4 42. Bc4 Re4 43. Rd7+ Kb6 44. b3 a4 45. Rd6+ Kc7 46. Rd7+
Kb6 47. Kc1 axb3 48. axb3 Bf2 49. Rd6+ Kc7 50. Rd7+ Kb6 51. Kd2 Bc5 52. Bd5 Rd4+
53. Ke2 Ka5 54. Kf3 Kb6 55. Rb7+ Ka6 56. Rd7 Kb6 57. Rb7+ Ka6 58. Rd7 Kb6 59.
Kg3 Ka5 60. Rd8 Kb6 61. Rb8+ Kc7 62. Rb7+ Kd6 63. e7 1-0

[Event "Mondiale Semilampo 2016"]
[Site "Doha QAT"]
[Date "2016.12.26"]
[Round "4.35"]
[White "Mchedlishvili, Mikheil"]
[Black "Leko, Peter"]
[Result "1/2-1/2"]
[WhiteTitle "GM"]
[BlackTitle "GM"]
[WhiteElo "2601"]
[BlackElo "2693"]
[WhiteFideId "13600966"]
[BlackFideId "703303"]
[EventDate "2016.12.26"]

1. c4 c5 2. Nf3 Nf6 3. Nc3 Nc6 4. g3 d5 5. d4 e6 6. cxd5 Nxd5 7. Bg2 cxd4 8.
Nxd4 Nxc3 9. bxc3 Nxd4 10. Qxd4 Qxd4 11. cxd4 Bd6 12. e4 Rb8 13. e5 Be7 14. d5
exd5 15. Bxd5 b6 16. Be3 Bb7 17. Bxb7 Rxb7 18. Ke2 f6 19. Rac1 Kf7 20. exf6 Bxf6
21. Rhd1 Re8 22. Kf3 Re5 23. Bd4 Rd5 24. Bxf6 Rxd1 25. Rxd1 Kxf6 26. Rd6+ Ke5
27. Rd2 Rc7 28. Kg4 b5 29. f4+ Ke6 30. f5+ Ke5 31. Kg5 a5 32. g4 b4 33. h4 Rb7
34. h5 a4 35. Re2+ Kd4 36. h6 b3 37. axb3 axb3 38. hxg7 Rxg7+ 39. Kh6 Rf7 40.
Rf2 Rb7 41. f6 b2 42. Rxb2 Rxb2 43. f7 Rf2 44. Kg7 Ke5 45. f8=Q Rxf8 46. Kxf8
Kf6 47. Kg8 h6 48. Kh7 Kg5 49. Kg7 Kxg4 1/2-1/2

[Event "Mondiale Semilampo 2016"]
[Site "Doha QAT"]
[Date "2016.12.26"]
[Round "4.36"]
[White "Mamedov, Rauf"]
[Black "Aleksandrov, Aleksej"]
[Result "1/2-1/2"]
[WhiteTitle "GM"]
[BlackTitle "GM"]
[WhiteElo "2688"]
[BlackElo "2574"]
[WhiteFideId "13401653"]
[BlackFideId "13500139"]
[EventDate "2016.12.26"]

1. e4 e5 2. Nf3 Nc6 3. Bb5 Nf6 4. O-O Nxe4 5. Re1 Nd6 6. Nxe5 Be7 7. Bf1 Nxe5 8.
Rxe5 O-O 9. d4 Bf6 10. Re2 b6 11. Re1 Re8 12. Bf4 Rxe1 13. Qxe1 Qe7 14. Qxe7
Bxe7 15. Nd2 1/2-1/2